000 01154nam a2200289 i 4500
001 12795
003 ES-MaACL
005 20230906150413.0
007 t|
008 890905s1987 sp |||| | spa j
020 _a84-7472-078-8
080 _a52 Ibn al-Zurqalla, Ibrahim b. Yahyáa
080 _a520.25(035.3)"10"
100 1 _aPuig Aguilar, Roser.
_994249
245 1 4 _aLos tratados de construcción y uso de la azafea de Azarquiel /
_cpor Roser Puig Aguilar.
260 _aMadrid :
_bInstituto Hispano-Arabe de Cultura,
_c1987.
300 _a132 p. :
_bil. ;
_c24 cm.
490 1 _aCuadernos de ciencias ;
_v1
504 _aBibliografía: p. [131]-132.
600 0 4 _aIbn al-Zurqalla, Ibrahim b. Yahyà.
_t'Amal bi-l-safiha al-zarqaliyya al-mu'adda li-yami' al-afaq.
_965001
650 1 4 _aAzafeas-
_vObras anteriores a 1800.
_910466
700 1 _aIbn al-Zurqalla, Ibrahim b. Yahyà.
_t'Amal bi-l-safiha al-zarqaliyya al-mu'adda li-yami' al-afaq.
_lEspañol.
_965002
710 2 _aInstituto Hispano-Árabe de Cultura.
_9162165
830 0 _aCuadernos de ciencias ;
_v1
_9228334
852 _aES-MaACL
_jL-19996
999 _c12795
_d12795